Statistics for CAN YOU NAME THE 12 MOST SUCCESSFUL TITLE FIGHTERS IN THE UFC

Click here to take the quiz!

General Stats

  • This quiz has been taken 1,879 times
  • The average score is 6 of 12

Answer Stats

HintAnswer% Correct
7-0LIGHT HEAVY WEIGHTJON JONES
92%
11-1MIDDLEWEIGHTANDERSON SILVA
88%
11-2WELTERWEIGHTGEORGES ST PIERRE
86%
5-0FEATHERWEIGHTJOSE ALDO
68%
5-5-1WELTER AND LIGHTWEIGHTBJ PENN
52%
9-6HEAVY AND LIGHTHEAVYWEIGHTRANDY COUTURE
51%
9-3WELTERWEIGHTMATT HUGHES
47%
5-2LIGHT HEAVY WEIGHTCHUCK LIDDELL
42%
6-3LIGHT HEAVY WEIGHTTITO ORTIZ
40%
5-0LIGHT HEAVY WEIGHTFRANK SHAMROCK
18%
5-4HEAVYWEIGHTTIM SYLVIA
17%
5-1WELTERWEIGHTPAT MILETICH
8%

Score Distribution

Percentile by Number Answered

Percent of People with Each Score

Your Score History

You have not taken this quiz